| 000 | 00618nam a22001937a 4500 | ||
|---|---|---|---|
| 999 |
_c61849 _d61849 |
||
| 005 | 20240527131652.0 | ||
| 008 | 240527s2007 enk||||| |||| 00| 0 eng d | ||
| 020 | _a9780071261456x | ||
| 041 | _aeng | ||
| 080 | _a617.586-007 C-95 | ||
| 245 |
_aCurrent diagnosis and treatment in orthopedics / _cEditer by Skinner; Harry B. |
||
| 250 | _aFourth edition | ||
| 264 |
_aBoston : _bMcGraw-Hill Books, _c2007. |
||
| 300 |
_a756 p.: _bill.; _c24 cm. |
||
| 653 | _aორთოპედია | ||
| 653 | _aმედიცინა | ||
| 700 |
_aSkinner; Harry B. _eრედაქტორი _922189 |
||
| 942 |
_2udc _cBK |
||